000 00588nam a2200193Ia 4500
005 20260114185743.0
008 008 260114s9999 xx 000 0 eng d
020 _a9781509946860
037 _aEBOOK
040 _aCRL
_beng
_cCRL
041 _aeng
_2eng
084 _qCRL
100 _aGary Chan Kok Yew and Man Yip
_9873979
245 0 _aAI, Data and Private Law Translating Theory into Practice
260 _bBloomsbury
_c2021
856 _uhttps://doi.org/10.5040/9781509946860?locatt=label:secondary_bloomsburyCollections
942 _cEBOOK
999 _c1472917
_d1472917